Načítá se...

Experimental cinema : the film reader /

Podrobná bibliografie
Další autoři: Dixon, Wheeler W., Foster, Gwendolyn Audrey
Médium: Printed Book
Jazyk:English
Vydáno: London : Routledge, 2002.
Vydání:1st ed.
Edice:In focus
Témata:
LEADER 00814cam a22002295a 4500
005 20200319123429.0
008 200319b xxu||||| |||| 00| 0 eng d
999 |c 28687  |d 28687 
020 |a 9780415277877  
082 0 4 |a 791.43611  |b DIX 
245 0 0 |a Experimental cinema :  |b the film reader /  |c edited by Wheeler Winston-Dixon and Gwendolyn Audrey Foster. 
250 |a 1st ed. 
260 |a London :  |b Routledge,  |c 2002. 
300 |a 356p. 
440 0 |a In focus 
650 0 |a Experimental films 
650 6 |a Films expérimentaux 
650 0 7 |a Experimentalfilm.  |2 swd 
700 1 |a Dixon, Wheeler W., 
700 1 |a Foster, Gwendolyn Audrey. 
942 |2 ddc  |c BK 
952 |0 0  |1 0  |2 ddc  |4 0  |6 791_436110000000000_DIX  |7 0  |9 39493  |a MAIN  |b MAIN  |d 2020-03-19  |e Mathrubhumi Books  |g 2978.00  |o 791.43611 DIX  |p 37221  |r 2020-03-19  |t 1  |w 2020-03-19  |y BK